| 000 | 00783 a2200205 4500 | ||
|---|---|---|---|
| 008 | 090226t xxu||||| |||| 00| 0 eng d | ||
| 020 |
_a8185989281 _c385.00 |
||
| 035 | _aB-210641 | ||
| 037 | _bRP-ZLS-2700 / PANSY-07-08:1 / RP-07-08:ENG | ||
| 082 | _a658.15 | ||
| 100 | _aRustagi, R.P. | ||
| 245 |
_aFinancial management _btheory, concepts and problems _cby R.P. Rustagi |
||
| 250 | _a3rd rev. & enl. ed. | ||
| 260 |
_aNew Delhi _bGalgotia Publishing _c2006 |
||
| 270 |
_a6A/4, W.E.A., Karol Bagh _bNew Delhi _cDelhi _e110005 _k41450694 _l23755150 _mgalgotiabooks@rediffmail.com |
||
| 300 |
_a1070 p _c28 cm (pbk) |
||
| 500 | _aincludes appendix | ||
| 942 |
_adpl _cEN _k658.15 / RUS _2ddc |
||
| 999 |
_c1810 _d1810 |
||